Out of control : (Record no. 1585)

MARC details
000 -LEADER
fixed length control field 00897cam a22002534a 4500
005 - DATE AND TIME OF LATEST TRANSACTION
control field 20231204105532.0
020 ## - INTERNATIONAL STANDARD BOOK NUMBER
International Standard Book Number 9780531147719
040 ## - CATALOGING SOURCE
Original cataloging agency DLC
Transcribing agency DLC
Modifying agency DLC
Language of cataloging eng
050 00 - LIBRARY OF CONGRESS CALL NUMBER
Classification number BF724.3.A55
Item number D53 2006
082 00 - DEWEY DECIMAL CLASSIFICATION NUMBER
Classification number 152.47
Edition number 22
100 1# - MAIN ENTRY--PERSONAL NAME
Personal name DiConsiglio, John
245 10 - TITLE STATEMENT
Title Out of control :
Remainder of title how to handle anger-yours and everyone else's /
Statement of responsibility, etc. John DiConsiglio.
260 ## - PUBLICATION, DISTRIBUTION, ETC.
Place of publication, distribution, etc. New York :
Name of publisher, distributor, etc. Scholastic,
Date of publication, distribution, etc. 2008
300 ## - PHYSICAL DESCRIPTION
Extent 112 pages :
Other physical details colors illustrations ;
Dimensions 22 cm
490 0# - SERIES STATEMENT
Series statement Choices
505 0# - FORMATTED CONTENTS NOTE
Formatted contents note W <br/>
520 ## - SUMMARY, ETC.
Summary, etc. Offers teens practical advice on how they can control their anger, understand the dangers of giving in to anger, and learn new ways to deal with their stress and frustration.
521 ## - TARGET AUDIENCE NOTE
Target audience note 870 <br/>
Source Lexile <br/>
521 ## - TARGET AUDIENCE NOTE
Target audience note W <br/>
Source Raz-Plus <br/>
650 #0 - SUBJECT ADDED ENTRY--TOPICAL TERM
Topical term or geographic name entry element Anger in adolescence.
906 ## - LOCAL DATA ELEMENT F, LDF (RLIN)
a 7
b cbc
c orignew
d 1
e ecip
f 20
g y-gencatlg
942 ## - ADDED ENTRY ELEMENTS (KOHA)
Source of classification or shelving scheme Dewey Decimal Classification
Koha item type Books
Suppress in OPAC No
999 ## -
-- 1585
-- 1585
Holdings
Withdrawn status Lost status Source of classification or shelving scheme Damaged status Not for loan Collection Home library Current library Shelving location Date acquired Total Checkouts Full call number Barcode Date last seen Copy number Price effective from Koha item type
    Dewey Decimal Classification     Non-Fiction Footprints International School Library Network Toul Kork Campus Footprints International School Library Network Toul Kork Campus TTP Secondary Non-Fiction Bookshelves 09/07/2023   DIC 152.47 BF724.A55 FISSE01067 09/07/2023 1 09/07/2023 Books
    Dewey Decimal Classification     Non-Fiction Footprints International School Library Network Toul Kork Campus Footprints International School Library Network Toul Kork Campus TTP Secondary Non-Fiction Bookshelves 09/07/2023   DIC 152.47 BF724.A55 FISSE01068 09/08/2023 2 09/07/2023 Books